| Tag |
First Indicator |
Second Indicator |
Subfields |
| LEADER |
00000cam a2200000 4500 |
| 001 |
in00000672621 |
| 005 |
20151015081531.0 |
| 008 |
800917r18431843miu a 00000 eng d |
| 035 |
|
|
|a (OCoLC)06720720
|
| 035 |
|
|
|9 ACX7947AM
|
| 040 |
|
|
|a EEU
|c TXA
|d UtOrBLW
|
| 049 |
|
|
|a TXAI
|
| 090 |
|
|
|a BX9789.C5
|b G6
|
| 099 |
|
|
|a film
|a B
|a 1512
|a reel
|a 425.6
|
| 245 |
0 |
4 |
|a The gospel monitor :
|b A little book of Mother Ann's word to those who are placed as instructors & care-takers of children /
|c written by Mother Lucy Wright, and brought by her to the elders of the first order, on the Holy mount, March 1, 1841. Copied by inspiration at Mother Ann's desire, March 2, 1841.
|
| 264 |
|
1 |
|a Canterbury, N.H.,
|b [publisher not identified] ;
|c 1843.
|
| 300 |
|
|
|a 47 pages ;
|c 17 cm.
|
| 336 |
|
|
|a text
|b txt
|2 rdacontent
|
| 337 |
|
|
|a microform
|b h
|2 rdamedia
|
| 338 |
|
|
|a microfilm reel
|b hd
|2 rdacarrier
|
| 500 |
|
|
|a Microfilm. Ann Arbor, Mich., University Microfilms [n.d.] (American Culture Series, Reel 425.6)
|
| 500 |
|
|
|a Microform.
|
| 600 |
1 |
0 |
|a Lee, Ann,
|d 1736-1784.
|
| 600 |
1 |
0 |
|a Wright, Lucy,
|d 1760-1821.
|
| 610 |
2 |
0 |
|a Shakers.
|
| 650 |
|
0 |
|a Child rearing.
|
| 999 |
|
|
|a MARS
|
| 999 |
f |
f |
|s 0a3ea38e-48cc-3110-b74e-84df05e57b99
|i 68671410-825b-3816-b3c3-96d3b0240025
|t 0
|
| 952 |
f |
f |
|p default
|a Texas A&M University
|b College Station
|c Sterling C. Evans Library
|d Evans: Microforms (3rd floor)
|t 0
|e film B 1512 reel 425.6
|h Other scheme
|i microform -- microfilm reel
|
| 998 |
f |
f |
|a film B 1512 reel 425.6
|t 0
|l Evans: Microforms (3rd floor)
|